[Event "FIDE Disabilities Olym"]
[Site "Belgrade"]
[Date "2023.02.02"]
[Round "?"]
[White "Zambo, Zoltan"]
[Black "Shashikant, Kutwal"]
[Result "1/2-1/2"]
[WhiteElo "2301"]
[BlackElo "2182"]
[PlyCount "84"]
[EventDate "2023.01.30"]
[EventType "team-swiss"]
[EventRounds "6"]
[EventCountry "SRB"]
[SourceTitle "CBM 212 Extra"]
[Source "ChessBase"]
[SourceDate "2023.03.31"]
[SourceVersion "1"]
[SourceVersionDate "2023.03.31"]
[SourceQuality "1"]
[WhiteTeam "Hungary"]
[BlackTeam "India"]
[WhiteTeamCountry "HUN"]
[BlackTeamCountry "IND"]

1. d4 Nf6 2. c4 g6 3. Nf3 Bg7 4. g3 0-0 5. Bg2 d6 6. 0-0 Nc6 7. Nc3 e5 8. d5 Nb8 9. e4 a5 10. Ne1 Na6 11. Nd3 b6 12. b3 Nc5 13. Rb1 Ne8 14. a3 f5 15. f3 f4 16. g4 h5 17. h3 hxg4 18. fxg4 Nxd3 19. Qxd3 Bf6 20. Bf3 Bh4 21. Ne2 Rf7 22. Bd2 Nf6 23. Bg2 Nh7 24. Nxf4 exf4 25. e5 dxe5 26. d6 Qxd6 27. Qxd6 cxd6 28. Bxa8 Bb7 29. Bxb7 Rxb7 30. b4 a4 31. Bc3 Rc7 32. c5 bxc5 33. bxc5 Rxc5 34. Bb4 Rc6 35. Rfd1 Be7 36. Rbc1 Rb6 37. Rc7 Kf8 38. Rdc1 Rc6 39. Rd1 Rb6 40. Ra7 Ng5 41. Rc7 Nh7 42. h4 Nf6 1/2-1/2

[Event "FIDE Disabilities Olym"]
[Site "Belgrade"]
[Date "2023.01.31"]
[Round "?"]
[White "Sarkar, Justin"]
[Black "Zambo, Zoltan"]
[Result "1-0"]
[WhiteElo "2345"]
[BlackElo "2301"]
[PlyCount "93"]
[EventDate "2023.01.30"]
[EventType "team-swiss"]
[EventRounds "6"]
[EventCountry "SRB"]
[SourceTitle "CBM 212 Extra"]
[Source "ChessBase"]
[SourceDate "2023.03.31"]
[SourceVersion "1"]
[SourceVersionDate "2023.03.31"]
[SourceQuality "1"]
[WhiteTeam "FIDE"]
[BlackTeam "Hungary"]
[BlackTeamCountry "HUN"]

1. e4 c5 2. Nf3 e6 3. d4 cxd4 4. Nxd4 a6 5. c4 Nf6 6. Nc3 Bb4 7. Qd3 0-0 8. e5 Ne8 9. a3 Bxc3+ 10. Qxc3 d6 11. Bf4 dxe5 12. Bxe5 f6 13. Bg3 e5 14. Nc2 Nc6 15. Be2 Qe7 16. 0-0 f5 17. f3 f4 18. Bf2 Bf5 19. b4 Qg5 20. b5 Bh3 21. Ne1 Ne7 22. Kh1 Bc8 23. Nd3 Ng6 24. Rfe1 Nf6 25. Nc5 e4 26. Nxe4 Nxe4 27. fxe4 Bg4 28. Bf1 Rad8 29. bxa6 bxa6 30. c5 f3 31. g3 Ne5 32. Rad1 Rxd1 33. Rxd1 Be6 34. h4 Qh5 35. Rd6 Bc8 36. Rd5 Re8 37. Bd4 Qg4 38. Rxe5 Rxe5 39. Bxe5 Be6 40. Qd4 f2 41. Qd8+ Kf7 42. Qc7+ Ke8 43. Qc6+ Bd7 44. Qa8+ Kf7 45. Kh2 Be6 46. Qb7+ Ke8 47. Bd6 1-0

[Event "IBCA World-chT blind 9th"]
[Site "Ohrid"]
[Date "2022.07.01"]
[Round "4.3"]
[White "Tazbir, Marcin"]
[Black "Zambo, Zoltan"]
[Result "1-0"]
[WhiteElo "2506"]
[BlackElo "2326"]
[PlyCount "71"]
[EventDate "2022.06.28"]
[EventType "team-swiss"]
[EventRounds "9"]
[EventCountry "MKD"]
[SourceTitle "EXT 2024"]
[Source "ChessBase"]
[SourceDate "2023.10.10"]
[SourceVersion "1"]
[SourceVersionDate "2023.10.10"]
[SourceQuality "1"]
[WhiteTeam "Poland"]
[BlackTeam "Hungary"]
[WhiteTeamCountry "POL"]
[BlackTeamCountry "HUN"]

1. e4 c5 2. Nf3 e6 3. d3 Nc6 4. g3 g6 5. Bg2 Bg7 6. 0-0 Nge7 7. c3 d5 8. Re1 dxe4 9. dxe4 Qxd1 10. Rxd1 e5 11. Na3 0-0 12. Nb5 Rb8 13. Nd6 Rd8 14. Be3 b6 15. Ng5 f6 16. Ngf7 Rf8 17. Nxc8 Kxf7 18. Nd6+ Kg8 19. Nb5 Rfd8 20. Bf1 Bf8 21. Bc4+ Kg7 22. Nc7 Rxd1+ 23. Rxd1 g5 24. Ne6+ Kg6 25. Rd7 Bh6 26. b4 cxb4 27. cxb4 b5 28. Bb3 Nc8 29. Bc5 Nb6 30. Rc7 Nd8 31. Nxd8 Rxd8 32. Be6 Bg7 33. Kg2 h5 34. Bf5+ Kh6 35. h4 Nc4 36. hxg5+ 1-0

[Event "HUN-chT 1920"]
[Site "Hungary"]
[Date "2020.02.02"]
[Round "5.10"]
[White "Papp, Petra"]
[Black "Zambo, Zoltan"]
[Result "0-1"]
[WhiteElo "2341"]
[BlackElo "2354"]
[PlyCount "100"]
[EventDate "2019.11.16"]
[EventType "team-tourn"]
[EventRounds "9"]
[EventCountry "HUN"]
[SourceTitle "CBM 194 Extra"]
[Source "ChessBase"]
[SourceDate "2020.03.31"]
[SourceVersion "1"]
[SourceVersionDate "2020.03.31"]
[SourceQuality "1"]
[WhiteTeam "Dunaharaszti"]
[BlackTeam "DVTK"]
[WhiteTeamCountry "HUN"]
[BlackTeamCountry "HUN"]

1. e4 c5 2. Nf3 Nc6 3. d4 cxd4 4. Nxd4 e5 5. Nb5 a6 6. Nd6+ Bxd6 7. Qxd6 Qf6 8. Qxf6 Nxf6 9. Nc3 Nb4 10. Kd2 d5 11. a3 d4 12. axb4 dxc3+ 13. Ke3 Ng4+ 14. Ke2 f5 15. Ra3 fxe4 16. Rxc3 0-0 17. Be3 Be6 18. h3 Nf6 19. Ke1 b5 20. Bc5 Rfc8 21. Kd2 Rd8+ 22. Kc1 Rdc8 23. Ra3 Kf7 24. Be2 Nd5 25. Rd1 Nf4 26. Bf1 a5 27. g3 Nxh3 28. Bxb5 axb4 29. Rxa8 Rxa8 30. Be3 Ng1 31. Kb1 Nf3 32. b3 Rc8 33. Kb2 h5 34. Be2 Kf6 35. Rd6 Re8 36. Bb5 Re7 37. Bb6 Kf5 38. Bd8 Ra7 39. Bb6 Rb7 40. Bc6 Rxb6 41. Bxe4+ Kxe4 42. Rxb6 Kf5 43. c4 bxc3+ 44. Kxc3 g5 45. b4 h4 46. g4+ Kf6 47. Rb8 h3 48. Rf8+ Bf7 49. Rh8 Nh4 50. f4 exf4 0-1

[Event "HUN-chT 1920"]
[Site "Hungary"]
[Date "2019.12.15"]
[Round "4.10"]
[White "Zambo, Zoltan"]
[Black "Udvardi, Zalan"]
[Result "1/2-1/2"]
[WhiteElo "2354"]
[BlackElo "2171"]
[PlyCount "157"]
[EventDate "2019.11.16"]
[EventType "team-tourn"]
[EventRounds "9"]
[EventCountry "HUN"]
[SourceTitle "CBM 193 Extra"]
[Source "ChessBase"]
[SourceDate "2020.01.31"]
[SourceVersion "1"]
[SourceVersionDate "2020.01.31"]
[SourceQuality "1"]
[WhiteTeam "DVTK"]
[BlackTeam "Mako Duocor"]
[WhiteTeamCountry "HUN"]
[BlackTeamCountry "HUN"]

1. d4 Nf6 2. Nf3 d5 3. e3 c5 4. a3 e6 5. dxc5 Bxc5 6. b4 Be7 7. Bb2 a5 8. b5 Nbd7 9. Nbd2 b6 10. Be2 Bb7 11. 0-0 0-0 12. c4 Rc8 13. Rc1 Nc5 14. cxd5 Bxd5 15. Ne5 Nfd7 16. Nec4 Bf6 17. Bxf6 Qxf6 18. e4 Ba8 19. e5 Qg6 20. Nf3 Bxf3 21. Bxf3 Nd3 22. Bh5 Qe4 23. Nd6 Rxc1 24. Nxe4 Rxd1 25. Rxd1 N7xe5 26. g3 Nb2 27. Rc1 Rd8 28. Be2 Kf8 29. f4 Ned3 30. Rc7 h6 31. Rc6 Na4 32. Nd6 Ndc5 33. Bf1 Nd7 34. Rc7 Nac5 35. Bg2 Ke7 36. Nc8+ Kf8 37. Bc6 e5 38. fxe5 Nxe5 39. Nxb6 Rd1+ 40. Kf2 Rd2+ 41. Ke1 Rb2 42. Kd1 Ncd3 43. Nd7+ Nxd7 44. Rxd7 Nc5 45. Ra7 a4 46. Bd5 Rxb5 47. Rxf7+ Ke8 48. Rxg7 Rb2 49. Rc7 Nb3 50. Bc6+ Kd8 51. Rd7+ Kc8 52. h4 Ra2 53. Bxa4 Rxa3 54. Rd3 Ra1+ 55. Kc2 Nc5 56. Rc3 Rxa4 57. Rxc5+ Kd7 58. Rc3 Rd4 59. Re3 Kd6 60. Kb3 h5 61. Kc3 Kd5 62. Rf3 Ke5 63. Kc2 Rd8 64. Rb3 Ke4 65. Rc3 Rd7 66. Rc4+ Kf3 67. Rc3+ Ke4 68. Kb3 Rd3 69. Kc2 Rxc3+ 70. Kxc3 Kf3 71. Kd2 Kxg3 72. Ke2 Kxh4 73. Kf2 Kg4 74. Kg2 h4 75. Kh2 h3 76. Kh1 Kg3 77. Kg1 h2+ 78. Kh1 Kf2 79. Kxh2 1/2-1/2

[Event "Mukachevo Rating 37th"]
[Site "Mukachevo"]
[Date "2019.03.17"]
[Round "9"]
[White "Zambo, Zoltan"]
[Black "Larkin, Vladislav"]
[Result "1/2-1/2"]
[WhiteElo "2370"]
[BlackElo "2336"]
[PlyCount "62"]
[EventDate "2019.03.12"]
[EventType "tourn"]
[EventRounds "9"]
[EventCountry "UKR"]
[EventCategory "2"]
[SourceTitle "CBM 189 Extra"]
[Source "ChessBase"]
[SourceDate "2019.06.03"]
[SourceVersion "1"]
[SourceVersionDate "2019.06.03"]
[SourceQuality "1"]

1. d4 d5 2. c4 c6 3. cxd5 cxd5 4. Nf3 Nf6 5. Nc3 Nc6 6. Bf4 a6 7. h3 Bf5 8. e3 e6 9. Bd3 Bxd3 10. Qxd3 Bd6 11. Bxd6 Qxd6 12. 0-0 0-0 13. Rac1 Rfc8 14. a3 Nd7 15. Na4 Na5 16. b4 Nc4 17. Nd2 b5 18. Nc5 a5 19. Nb7 Qb6 20. Nxa5 Nxa5 21. bxa5 Qxa5 22. Rxc8+ Rxc8 23. Rb1 Rc3 24. Qxb5 Qxb5 25. Rxb5 Rxa3 26. Rb3 Rxb3 27. Nxb3 Kf8 28. Kf1 Ke7 29. Ke2 Kd6 30. Kd3 Kc6 31. Kc3 Kb5 1/2-1/2

[Event "Mukachevo Rating 37th"]
[Site "Mukachevo"]
[Date "2019.03.16"]
[Round "8"]
[White "Vanczak, Tamas"]
[Black "Zambo, Zoltan"]
[Result "1/2-1/2"]
[WhiteElo "2263"]
[BlackElo "2370"]
[PlyCount "65"]
[EventDate "2019.03.12"]
[EventType "tourn"]
[EventRounds "9"]
[EventCountry "UKR"]
[EventCategory "2"]
[SourceTitle "CBM 189 Extra"]
[Source "ChessBase"]
[SourceDate "2019.06.03"]
[SourceVersion "1"]
[SourceVersionDate "2019.06.03"]
[SourceQuality "1"]

1. d4 Nf6 2. Nf3 g6 3. Bg5 Bg7 4. Nbd2 0-0 5. c3 c5 6. e3 cxd4 7. exd4 d5 8. Bd3 Qb6 9. Qb3 Qxb3 10. axb3 h6 11. Bf4 Bf5 12. Bxf5 gxf5 13. Bxb8 Rfxb8 14. b4 Ne4 15. Ne5 Nxd2 16. Kxd2 Bxe5 17. dxe5 f6 18. exf6 e6 19. Ra5 b6 20. Ra6 Kf7 21. Rha1 Rb7 22. f4 Kxf6 23. g3 h5 24. Ke3 h4 25. Kf3 Rg7 26. gxh4 Rh7 27. Rxb6 Rxh4 28. Rb7 Rh3+ 29. Kf2 Rxh2+ 30. Ke3 Rh3+ 31. Kf2 Rh2+ 32. Ke3 Rh3+ 33. Kf2 1/2-1/2

[Event "HUN-chT 1819"]
[Site "Hungary"]
[Date "2019.02.24"]
[Round "6.2"]
[White "Zambo, Zoltan"]
[Black "Bodi, Tibor"]
[Result "1-0"]
[WhiteElo "2358"]
[BlackElo "2246"]
[PlyCount "49"]
[EventDate "2018.11.17"]
[EventType "team-tourn"]
[EventRounds "9"]
[EventCountry "HUN"]
[SourceTitle "CBM 189 Extra"]
[Source "ChessBase"]
[SourceDate "2019.06.03"]
[SourceVersion "1"]
[SourceVersionDate "2019.06.03"]
[SourceQuality "1"]
[WhiteTeam "DVTK"]
[BlackTeam "Kobanya Aquarena"]
[WhiteTeamCountry "HUN"]
[BlackTeamCountry "HUN"]

1. b3 Nf6 2. Bb2 e6 3. e3 c5 4. f4 Nc6 5. Nf3 d5 6. Bb5 Bd7 7. 0-0 Be7 8. Qe2 0-0 9. d3 Rc8 10. Bxc6 Bxc6 11. Ne5 Nd7 12. Nxc6 Rxc6 13. Nd2 Bf6 14. Bxf6 Qxf6 15. Nf3 Qc3 16. e4 dxe4 17. dxe4 c4 18. Rad1 Nb6 19. Ne5 Rc7 20. Rf3 Qb2 21. bxc4 Qxa2 22. Rh3 g6 23. c5 Rxc5 24. Qh5 Kg7 25. Qh6+ 1-0

[Event "HUN-chT 1819"]
[Site "Hungary"]
[Date "2018.12.02"]
[Round "3.4"]
[White "Zambo, Zoltan"]
[Black "Veszpremi, Andras"]
[Result "1-0"]
[WhiteElo "2358"]
[BlackElo "2313"]
[PlyCount "57"]
[EventDate "2018.11.17"]
[EventType "team-tourn"]
[EventRounds "9"]
[EventCountry "HUN"]
[SourceTitle "CBM 187 Extra"]
[Source "ChessBase"]
[SourceDate "2018.11.04"]
[SourceVersion "1"]
[SourceVersionDate "2018.11.04"]
[SourceQuality "1"]
[WhiteTeam "DVTK"]
[BlackTeam "Dunaharaszti"]
[WhiteTeamCountry "HUN"]
[BlackTeamCountry "HUN"]

1. Nf3 Nf6 2. b3 e6 3. Bb2 d5 4. e3 Be7 5. d4 0-0 6. Nbd2 b6 7. Bd3 Bb7 8. 0-0 Ne4 9. c4 Nd7 10. Rc1 f5 11. cxd5 exd5 12. Qe2 Bd6 13. Ne5 Qe7 14. f4 Ndf6 15. Ndf3 a5 16. Bb5 c5 17. dxc5 bxc5 18. Rfd1 Rac8 19. a4 Kh8 20. Rc2 d4 21. exd4 Nd5 22. g3 cxd4 23. Rxc8 Rxc8 24. Nh4 Nxf4 25. gxf4 Bxe5 26. Qh5 Qe6 27. fxe5 g6 28. Qh6 d3 29. Rxd3 1-0

[Event "HUN-chT2 Barcza 1718"]
[Site "Hungary"]
[Date "2018.05.06"]
[Round "11.2"]
[White "Herczeg, Tibor"]
[Black "Zambo, Zoltan"]
[Result "0-1"]
[WhiteElo "2021"]
[BlackElo "2361"]
[PlyCount "76"]
[EventDate "2017.09.24"]
[EventType "team-tourn"]
[EventRounds "11"]
[EventCountry "HUN"]
[SourceTitle "EXT 2021"]
[Source "ChessBase"]
[SourceDate "2020.10.23"]
[SourceVersion "1"]
[SourceVersionDate "2020.10.23"]
[SourceQuality "1"]
[WhiteTeam "Szirmabesenyo"]
[BlackTeam "Lillafured DVTK II"]
[WhiteTeamCountry "HUN"]
[BlackTeamCountry "HUN"]

1. e4 c5 2. Ne2 d6 3. g3 Nc6 4. Bg2 g6 5. 0-0 Bg7 6. Nbc3 e5 7. d3 Nge7 8. Bg5 f6 9. Be3 Nd4 10. Nd5 Nxd5 11. exd5 0-0 12. c4 Rb8 13. Nxd4 cxd4 14. Bd2 b5 15. b3 Bf5 16. Qe2 Qb6 17. Rfc1 Rfe8 18. g4 Bd7 19. h3 f5 20. f3 bxc4 21. bxc4 Qb2 22. Qe1 Qa3 23. Rd1 Qxd3 24. Bb4 Qxc4 25. Bxd6 Rb6 26. Rac1 Qxd5 27. Bc5 Rb2 28. a3 Bh6 29. Bb4 Qa2 30. Bf1 Be3+ 31. Qxe3 dxe3 32. Bc4+ Qxc4 33. Rxc4 Bb5 34. Rc7 e4 35. fxe4 f4 36. Bc5 Rc2 37. h4 f3 38. Bd6 f2+ 0-1

[Event "HUN-chT2 Barcza 1718"]
[Site "Hungary"]
[Date "2017.12.03"]
[Round "5.1"]
[White "Zambo, Zoltan"]
[Black "Borsavolgyi, Tamas"]
[Result "1-0"]
[WhiteElo "2361"]
[BlackElo "2202"]
[PlyCount "69"]
[EventDate "2017.09.24"]
[EventType "team-tourn"]
[EventRounds "11"]
[EventCountry "HUN"]
[SourceTitle "EXT 2021"]
[Source "ChessBase"]
[SourceDate "2020.10.23"]
[SourceVersion "1"]
[SourceVersionDate "2020.10.23"]
[SourceQuality "1"]
[WhiteTeam "Lillafured DVTK II"]
[BlackTeam "Hajduszoboszlo"]
[WhiteTeamCountry "HUN"]
[BlackTeamCountry "HUN"]

1. Nf3 e6 2. c4 d5 3. d4 Nf6 4. Nc3 dxc4 5. Qa4+ Nbd7 6. g3 Bd6 7. Bg2 0-0 8. Qxc4 a6 9. Qd3 e5 10. 0-0 exd4 11. Qxd4 Qe7 12. Bf4 Bxf4 13. Qxf4 Nc5 14. Rac1 Ne6 15. Qh4 Re8 16. Rfd1 Rb8 17. e4 c6 18. Ne5 g5 19. Qh6 Ng7 20. Nf3 Nxe4 21. Nxe4 Qxe4 22. Qxg5 Bg4 23. Rd4 Bxf3 24. Rxe4 Bxe4 25. Bxe4 Rxe4 26. Rd1 Rbe8 27. Rd7 R4e5 28. Qf6 Rf5 29. Qd4 Re1+ 30. Kg2 h5 31. Rxb7 c5 32. Rb8+ Kh7 33. Qd3 Ree5 34. Qxa6 Ne8 35. f4 1-0

[Event "HUN-chT2 Barcza 1617"]
[Site "Hungary"]
[Date "2016.12.11"]
[Round "6.1"]
[White "Zambo, Zoltan"]
[Black "Barabas, Tibor"]
[Result "1-0"]
[WhiteElo "2355"]
[BlackElo "2041"]
[PlyCount "78"]
[EventDate "2016.09.25"]
[EventType "team-tourn"]
[EventRounds "11"]
[EventCountry "HUN"]
[SourceTitle "EXT 2021"]
[Source "ChessBase"]
[SourceDate "2020.10.23"]
[SourceVersion "1"]
[SourceVersionDate "2020.10.23"]
[SourceQuality "1"]
[WhiteTeam "Edeleny"]
[BlackTeam "Mezokovesd"]
[WhiteTeamCountry "HUN"]
[BlackTeamCountry "HUN"]

1. d4 Nf6 2. c4 e6 3. Nc3 Bb4 4. e3 c5 5. Nge2 cxd4 6. exd4 0-0 7. a3 Bxc3+ 8. Nxc3 d5 9. Bg5 dxc4 10. Bxc4 Nc6 11. Ne4 Qxd4 12. Nxf6+ gxf6 13. Qxd4 Nxd4 14. Bxf6 Nc2+ 15. Kd2 Nxa1 16. Re1 b5 17. Bxb5 Bb7 18. Rxa1 Be4 19. f3 Bg6 20. g4 Rab8 21. a4 Rfc8 22. h4 Rc2+ 23. Ke3 h6 24. h5 Bh7 25. Rd1 Rc5 26. Rd7 Bc2 27. Rxa7 Bb3 28. Bd4 Rc1 29. Be5 Rd8 30. Bc3 e5 31. Re7 f6 32. a5 Ra1 33. f4 Ba4 34. Bc4+ Kh8 35. fxe5 Rc1 36. exf6 Rxc3+ 37. bxc3 Rf8 38. Bf7 Rb8 39. Bg6 Rf8 1-0

[Event "HUN-chT2 Barcza 1617"]
[Site "Hungary"]
[Date "2016.10.30"]
[Round "3.1"]
[White "Kiss, Pal"]
[Black "Zambo, Zoltan"]
[Result "0-1"]
[WhiteElo "2275"]
[BlackElo "2355"]
[PlyCount "46"]
[EventDate "2016.09.25"]
[EventType "team-tourn"]
[EventRounds "11"]
[EventCountry "HUN"]
[SourceTitle "EXT 2021"]
[Source "ChessBase"]
[SourceDate "2020.10.23"]
[SourceVersion "1"]
[SourceVersionDate "2020.10.23"]
[SourceQuality "1"]
[WhiteTeam "Sajobabony"]
[BlackTeam "Edeleny"]
[WhiteTeamCountry "HUN"]
[BlackTeamCountry "HUN"]

1. d4 Nf6 2. c4 g6 3. Nc3 d5 4. Bf4 Bg7 5. e3 c5 6. dxc5 Qa5 7. Rc1 dxc4 8. Bxc4 Qxc5 9. Nb5 Qb4+ 10. Kf1 0-0 11. Nc7 Ne4 12. Nf3 Bxb2 13. Nxa8 Bxc1 14. Qxc1 Bg4 15. Bd3 Rc8 16. Nc7 Nc5 17. Bc4 Ne6 18. Bb3 Nxf4 19. exf4 Bxf3 20. gxf3 Na6 21. Qe3 Rxc7 22. f5 Qb5+ 23. Kg2 Qxf5 0-1

[Event "HUN-chT2 Barcza 1516"]
[Site "Hungary"]
[Date "2016.02.14"]
[Round "7.2"]
[White "Egri, Laszlo"]
[Black "Zambo, Zoltan"]
[Result "1/2-1/2"]
[WhiteElo "2086"]
[BlackElo "2349"]
[PlyCount "52"]
[EventDate "2015.09.13"]
[EventType "team-tourn"]
[EventRounds "11"]
[EventCountry "HUN"]
[SourceTitle "EXT 2017"]
[Source "ChessBase"]
[SourceDate "2016.10.25"]
[SourceVersion "1"]
[SourceVersionDate "2016.10.25"]
[SourceQuality "1"]
[WhiteTeam "Nadudvar"]
[BlackTeam "Edeleny"]
[WhiteTeamCountry "HUN"]
[BlackTeamCountry "HUN"]

1. e4 e6 2. d4 b6 3. Bd3 Bb7 4. Nf3 c5 5. c3 cxd4 6. cxd4 Nf6 7. e5 Bb4+ 8. Nbd2 Ne4 9. 0-0 Nxd2 10. Nxd2 Bxd2 11. Bxd2 Qh4 12. f4 Bd5 13. Be1 Qh6 14. Bd2 f5 15. exf6 Qxf6 16. Qh5+ g6 17. Qe5 0-0 18. Bb4 Nc6 19. Qxf6 Rxf6 20. Bc3 a5 21. a3 Kf7 22. Bb5 Ke7 23. Bxc6 dxc6 24. g3 Kd6 25. Kf2 g5 26. Ke3 Raf8 1/2-1/2

[Event "Oberliga Baden 1516"]
[Site "Baden"]
[Date "2015.11.15"]
[Round "3.4"]
[White "Osorio Ortiz, Marcos Eduardo"]
[Black "Zambo, Zoltan"]
[Result "1-0"]
[WhiteElo "2259"]
[BlackElo "2365"]
[PlyCount "83"]
[EventDate "2015.09.20"]
[EventType "team-tourn"]
[EventRounds "9"]
[EventCountry "GER"]
[SourceTitle "EXT 2018"]
[Source "ChessBase"]
[SourceDate "2017.10.13"]
[SourceVersion "1"]
[SourceVersionDate "2017.10.13"]
[SourceQuality "1"]
[WhiteTeam "Emmendingen"]
[BlackTeam "Waldshut Tiengen"]
[WhiteTeamCountry "GER"]
[BlackTeamCountry "GER"]

1. e4 c5 2. Nc3 Nc6 3. Bb5 e6 4. Nf3 Nd4 5. 0-0 a6 6. Bd3 Ne7 7. Nxd4 cxd4 8. Ne2 Nc6 9. c3 Qb6 10. a4 a5 11. Kh1 g6 12. f4 Bg7 13. f5 d6 14. Qe1 Bd7 15. Qh4 Ne5 16. Bb1 d3 17. Nd4 exf5 18. exf5 Bxf5 19. Nxf5 gxf5 20. Ba2 0-0 21. Rb1 Rae8 22. h3 Qc6 23. b4 Qxa4 24. Bd5 b6 25. Qf4 axb4 26. Rxb4 Qa5 27. Bb3 Nc6 28. Ra4 Qb5 29. Bc4 Qe5 30. Bxd3 b5 31. Qxe5 Nxe5 32. Bxb5 Rb8 33. Ra5 Rfc8 34. Ba3 Bf8 35. Rxf5 Kg7 36. Kh2 Rb6 37. Be2 Kg6 38. Rf1 Bh6 39. d4 Rxc3 40. dxe5 dxe5 41. Rxe5 Rxa3 42. Bh5+ 1-0

[Event "HUN-chT2 Barcza 1516"]
[Site "Hungary"]
[Date "2015.11.08"]
[Round "4.2"]
[White "Zambo, Zoltan"]
[Black "Papista, Akos"]
[Result "1-0"]
[WhiteElo "2364"]
[BlackElo "2127"]
[PlyCount "77"]
[EventDate "2015.09.13"]
[EventType "team-tourn"]
[EventRounds "11"]
[EventCountry "HUN"]
[SourceTitle "CBM 170 Extra"]
[Source "ChessBase"]
[SourceDate "2016.02.25"]
[SourceVersion "1"]
[SourceVersionDate "2016.02.25"]
[SourceQuality "1"]
[WhiteTeam "Edeleny"]
[BlackTeam "Tiszavasvar"]
[WhiteTeamCountry "HUN"]
[BlackTeamCountry "HUN"]

1. Nf3 d5 2. b3 Nf6 3. Bb2 g6 4. c4 c6 5. g3 Bg7 6. Bg2 0-0 7. 0-0 Na6 8. d3 Bf5 9. Nbd2 Qd7 10. Ne5 Qe6 11. Ndf3 h6 12. Re1 Bh3 13. Bh1 Rfd8 14. Qc1 Rac8 15. Rb1 d4 16. e3 dxe3 17. Rxe3 Qd6 18. Ba3 c5 19. Qe1 Qc7 20. Nxf7 Kxf7 21. Ne5+ Kg8 22. Nxg6 e6 23. Nf4 Bf5 24. Nxe6 Bxe6 25. Rxe6 Re8 26. Rb2 Rxe6 27. Qxe6+ Kh8 28. Re2 Nb4 29. Bb2 Rf8 30. Qf5 Qd6 31. Re6 Qxd3 32. Be4 Qd7 33. Bxf6 Bxf6 34. Qxc5 Rf7 35. Qf5 Bg5 36. Qe5+ Kg8 37. h4 Qd1+ 38. Kg2 Rxf2+ 39. Kxf2 1-0

[Event "Tatry op"]
[Site "Tatranske Zruby"]
[Date "2015.10.03"]
[Round "9"]
[White "Zambo, Zoltan"]
[Black "Ramik, Zdenek"]
[Result "1-0"]
[WhiteElo "2365"]
[BlackElo "2223"]
[PlyCount "77"]
[EventDate "2015.09.26"]
[EventType "swiss"]
[EventRounds "9"]
[EventCountry "SVK"]
[SourceTitle "CBM 168 Extra"]
[Source "ChessBase"]
[SourceDate "2015.10.29"]
[SourceVersion "1"]
[SourceVersionDate "2015.10.29"]
[SourceQuality "1"]

1. Nf3 c5 2. g3 g6 3. c3 Bg7 4. d4 cxd4 5. cxd4 d5 6. Bg2 Nc6 7. 0-0 Nf6 8. Ne5 0-0 9. f4 Qb6 10. e3 Ne4 11. Nc3 Nxc3 12. bxc3 e6 13. Ba3 Re8 14. Rf2 f6 15. Nd3 Bf8 16. Bxf8 Kxf8 17. Rb1 Qd8 18. Qa4 Na5 19. e4 b6 20. exd5 exd5 21. Rb5 Bb7 22. Qb4+ Re7 23. f5 g5 24. Re2 Rc8 25. Re6 Rc4 26. Qa3 Kf7 27. Bxd5 Bxd5 28. Rxd5 Rxc3 29. Ne5+ fxe5 30. Rxe7+ Qxe7 31. Qxc3 exd4 32. Qxd4 Qe1+ 33. Kg2 Qe2+ 34. Qf2 Qe4+ 35. Qf3 Qc2+ 36. Kh3 Nc6 37. Qh5+ Kf8 38. Qxg5 Qc4 39. Qf6+ 1-0

[Event "Tatry op"]
[Site "Tatranske Zruby"]
[Date "2015.09.30"]
[Round "6"]
[White "Michalicka, Milan"]
[Black "Zambo, Zoltan"]
[Result "0-1"]
[WhiteElo "2185"]
[BlackElo "2365"]
[PlyCount "88"]
[EventDate "2015.09.26"]
[EventType "swiss"]
[EventRounds "9"]
[EventCountry "SVK"]
[SourceTitle "CBM 168 Extra"]
[Source "ChessBase"]
[SourceDate "2015.10.29"]
[SourceVersion "1"]
[SourceVersionDate "2015.10.29"]
[SourceQuality "1"]

1. d4 Nf6 2. c4 g6 3. Nf3 Bg7 4. Nc3 d5 5. Bg5 dxc4 6. e3 Be6 7. Ne5 Nd5 8. Nxc4 c5 9. Qa4+ Nc6 10. Ne5 0-0 11. Nxc6 bxc6 12. Be2 cxd4 13. exd4 c5 14. 0-0 cxd4 15. Nxd5 Bxd5 16. Rfd1 Qb6 17. Rac1 h6 18. Bxe7 Rfe8 19. Bc5 Qxb2 20. Rc2 Bc6 21. Qb3 Qxb3 22. axb3 Be4 23. Rcd2 Rec8 24. Bxd4 Bc2 25. Ra1 Bxb3 26. Bxg7 Kxg7 27. Bf3 Rab8 28. h4 Rb4 29. Rb2 a5 30. Rxa5 Rxh4 31. g3 Rc1+ 32. Kg2 Rhh1 33. Be4 Be6 34. Rd2 Bg4 35. f3 Bh3+ 36. Kf2 Be6 37. g4 h5 38. gxh5 gxh5 39. Rg5+ Kf6 40. f4 Rhf1+ 41. Ke3 Rce1+ 42. Kd3 Rxf4 43. Rxh5 Rexe4 44. Rf2 Bc4+ 0-1

[Event "HUN-chT2 Barcza 1516"]
[Site "Hungary"]
[Date "2015.09.13"]
[Round "1.1"]
[White "Zambo, Zoltan"]
[Black "Hando, Vilmos"]
[Result "1-0"]
[WhiteElo "2365"]
[BlackElo "2298"]
[PlyCount "133"]
[EventDate "2015.09.13"]
[EventType "team-tourn"]
[EventRounds "11"]
[EventCountry "HUN"]
[SourceTitle "CBM 170 Extra"]
[Source "ChessBase"]
[SourceDate "2016.02.25"]
[SourceVersion "1"]
[SourceVersionDate "2016.02.25"]
[SourceQuality "1"]
[WhiteTeam "Edeleny"]
[BlackTeam "Kazincbarcika"]
[WhiteTeamCountry "HUN"]
[BlackTeamCountry "HUN"]

1. d4 Nf6 2. Nf3 e6 3. c4 b6 4. g3 Bb7 5. Bg2 Be7 6. Nc3 0-0 7. Qc2 d5 8. cxd5 exd5 9. 0-0 c5 10. Rd1 Nc6 11. Bg5 Nb4 12. Qb1 h6 13. Bf4 Qc8 14. a3 Na6 15. Qc2 Qe6 16. Rac1 Rfd8 17. Nb5 Qd7 18. Nc3 Qe6 19. Qd3 Rac8 20. Nb5 c4 21. Qc2 Qd7 22. Nc3 b5 23. Ne5 Qe8 24. e4 dxe4 25. Nxe4 Nxe4 26. Bxe4 Bxe4 27. Qxe4 Nc7 28. Nc6 Bg5 29. Qxe8+ Rxe8 30. Bxg5 hxg5 31. Re1 Kf8 32. Nxa7 Ra8 33. Nc6 Nd5 34. Rxe8+ Rxe8 35. a4 Re2 36. axb5 Nb6 37. Ne5 Rxb2 38. Nxc4 Nxc4 39. Rxc4 Rxb5 40. h3 Rb1+ 41. Kg2 Rd1 42. Kf3 Ke7 43. Ke4 Rh1 44. Kf5 Rxh3 45. Rc7+ Ke8 46. Kxg5 Rh1 47. Kf5 Rh6 48. Ke5 Re6+ 49. Kd5 g5 50. Rc3 Rf6 51. f3 Re6 52. Ra3 Kd7 53. Ra7+ Ke8 54. Ra5 Kd7 55. g4 Re3 56. Ra7+ Ke8 57. Kd6 Re6+ 58. Kc5 Re3 59. d5 Rxf3 60. Kd6 Rf6+ 61. Kc7 Ke7 62. Ra4 Rf1 63. Re4+ Kf6 64. d6 Rc1+ 65. Kd8 Kg6 66. Ke7 f5 67. Re6+ 1-0